LEADER 00836nam0-22003251i-450- 001 990001264290403321 010 $a90-1-47550-7 035 $a000126429 035 $aFED01000126429 035 $a(Aleph)000126429FED01 035 $a000126429 100 $a20000920d1972----km-y0itay50------ba 101 0 $aeng 200 1 $aIntroduction to algebra$fR. Kochendorffer 210 $aGroningen$cWolters-Noordhoff$dc1972 215 $ax, 414 p.$d24 cm 610 0 $aAlgebra 676 $a512.9 700 1$aKochendörffer,$bRudolf$f<1911- >$0344681 801 0$aIT$bUNINA$gRICA$2UNIMARC 901 $aBK 912 $a990001264290403321 952 $a10-D-41$b15219$fMA1 959 $aMA1 962 $a11-02 962 $a12-02 962 $a20-02 996 $aIntroduction to Algebra$9348460 997 $aUNINA DB $aING01 LEADER 01204nam0 22002651i 450 001 UON00077595 005 20231205102417.311 100 $a20020107d1968 |0itac50 ba 101 $aeng 102 $aGB 105 $a||||e ||||| 200 1 $aVocabulary of the Haussa language$ePart I English and Haussa, Part II Haussa and English and phrases, and specimens of translations to which are prefixed the Grammatical Elements of the Haussa language$fby James Frederick Schon 210 $aLondon$cChurch Missionary Society$d1848 215 $av, 190 p.$d20 cm 606 $aLINGUA HAUSA$xDizionari inglesi$3UONC019824$2FI 620 $aGB$dLondon$3UONL003044 676 $a493.72321$cLINGUA HAUSA - Dizionari inglesi$v21 700 1$aSCHON$bJames Frederick$3UONV049026$0659554 712 $aChurch Missionary Society$3UONV257723$4650 801 $aIT$bSOL$c20240220$gRICA 899 $aSIBA - SISTEMA BIBLIOTECARIO DI ATENEO$2UONSI 912 $aUON00077595 950 $aSIBA - SISTEMA BIBLIOTECARIO DI ATENEO$dSI AOC LING AA-H a 018 $eSI AA 5461 5 018 996 $aVocabulary of the Haussa language$91299385 997 $aUNIOR